000 00747 a2200193 4500
010 _aENG-89798
020 _a8184120168
_c275.00
035 _aEN-73331
037 _bDBAD / PUB
082 1 4 _a658.408
090 _c11711
_d11711
100 1 _aBhattacharya, Jayanta
245 1 _aCorporate social responsibility ethical and strategic choice/
_cby Jayanta Bhattacharya
260 _aNew Delhi
_bAsian Books
_c2007
270 _a7/28, Mahavir Lane, Vardan House, Ansari Road, Darya Ganj
_bNew Delhi
_e110002
_k011-23287577, 011-23282098
_masian@asianbooksindia.com
300 _axv, 480p.
_c24 cm. (Pbk)
942 _adpl
_cEN
_k658.408 / BHA
999 _c11388
_d11388